El absurdo entre cuatro paredes: el teatro de Harold Pinter

Saved in:
Bibliografiske detaljer
Hovedforfatter: Dorfman, Ariel (Author)
Format: Bog
Sprog:spansk
Udgivet: Santiago Universitaria 1968
Fag:
Tags: Tilføj Tag
Ingen Tags, Vær først til at tagge denne postø!

MARC

LEADER 00000nam a2200000 a 4500
001 UCQ3789
003 CL-VaPUC
008 980828e19680000CL |||||||||||||||||spa|d
082 0 4 |a 822.09  |b DOR  |2 21 
100 0 |a Dorfman, Ariel  |e author  |9 418028 
245 1 3 |a El absurdo entre cuatro paredes: el teatro de Harold Pinter 
300 |a 124 p 
942 |c BK 
945 |d 19980828 00:00:00  |a crobeson 
260 |a Santiago  |b Universitaria  |c 1968 
600 0 7 |a PINTER, HAROLD  |2 CL-VaPUC  |9 346667 
650 0 |a Drama inglés  |9 311029 
650 0 |a Literatura inglesa  |9 312907 
650 0 |a Crítica e interpretación   |9 255042 
583 |a last modification  |c 19980828 00:00:00  |k Rodrigo Vera 
999 |c 274304  |d 274302 
952 |0 0  |1 0  |4 0  |6 822_090000000000000_DOR_1968  |7 0  |8 A  |9 310441  |a BIBEDU  |b BIBEDU  |d 2019-11-20  |i 1458264  |o 822.09 DOR 1968  |p 1458264  |r 2019-11-20  |w 2019-11-20  |y BK  |k LIT